000 00765nam a22001937a 4500
999 _c19544
_d19544
003 AR-CdUCM
008 190517b ||||| |||| 00| 0 spa d
040 _aMUNICIPALIDAD PROVINCIAL DEL CUSCO
_cBIBLIOTECA MUNICIPAL DEL CUSCO
082 _22ed.
_a306.2 /
_bM22
100 _aMannheim, Karl
_96561
245 _aLibertad, poder y planificación democrática /
260 _aMéxico :
_bFondo de Cultura Económica,
_c1960.
300 _a391 páginas ;
_c22 cm.
505 _aContenido: Diagnostico de la situación -- Planificación democrática y cambios en las instituciones -- Hombres nuevos, valores nuevos ...
650 _aSociología política
_96587
700 _aDurán Gili, Manuel (traductor)
_940946
942 _2ddc
_cLIBROS
945 _aacv
_d2019-05-17